000 00516nam a2200145 a 4500
008 120416s1979 ||||||||||||||||| || u
050 _aQA 268.5 Kan
100 _aKandel, Abraham
245 1 0 _aFuzzy Switching and automata
246 _atheory and applications
260 _aNew York
_bCrane Russak
_c[1979]
300 _ax, 303p. : ill.
350 _a0.00
995 _D0.00
_FCBU-MAIN LIBRARY (Kitwe)
_H1
_I0.00
_M1
_UAVAILABLE
_ZAnnex Low-Usage Collection
999 _c44278
_d44278